000 00561nam a2200205Ia 4500
005 20250923145055.0
008 008 250917s9999 xx 000 0 eng d
037 _aTextual
040 _aDSWL
_beng
_cDSWL
041 _aeng
_2eng
084 _aX:8, J5,J5;1
_qDSWL
100 _aDrucker, P.F.
_9831519
245 0 _aPractice of management
_cby P.F. Drucker
260 _aLondon
_bW.Heineman
_c1955
300 _a526p.
365 _aINR
_b25.00
925 _g25.00
942 _cTEXL
_hX:8, J5,J5;1
999 _c1446782
_d1446782